000 00720nam a2200253Ia 4500
003 OSt
005 20220928120319.0
006 a|||||r|||| 00| 0
007 ta
008 220927b |||||||| |||| 00| 0 eng d
020 _c245
024 _a118851
037 _b32, 04/06/2013, Classic Book Service
_cTextual
040 _aSDCL
_cSDCL
_beng
041 _2eng
_aeng
082 _aV2'M, N8.3-4
100 _aMetcalf Thomas R
_9438123
245 0 _aIdeologies of the raj.
260 _aNew Delhi
_bCUP
_c1998
300 _axii,244p.
_ccm.
650 _aPolitical Science
942 _hV2'M, N8.3-4
_cTEXL
_2CC
999 _c763163
_d763163